Key financial instruments : (Record no. 10408)

MARC details
000 -LEADER
fixed length control field 00528nam a22001577a 4500
090 ## - LOCALLY ASSIGNED LC-TYPE CALL NUMBER (OCLC); LOCAL CALL NUMBER (OCLC)
--
008 - FIXED-LENGTH DATA ELEMENTS--GENERAL INFORMATION
fixed length control field 090126t xxu||||| |||| 00| 0 eng d
020 ## - INTERNATIONAL STANDARD BOOK NUMBER
International Standard Book Number 0273633007
082 ## - DEWEY DECIMAL CLASSIFICATION NUMBER
Edition number 21
Classification number 332.632
Item number EDW
245 ## - TITLE STATEMENT
Title Key financial instruments :
Remainder of title Understanding and innovating in the world of derivatives /
Statement of responsibility, etc Warren Edwardes.
260 ## - PUBLICATION, DISTRIBUTION, ETC. (IMPRINT)
Place of publication, distribution, etc London :
Name of publisher, distributor, etc Financial Times/Prentice Hall,
Date of publication, distribution, etc c2000.
300 ## - PHYSICAL DESCRIPTION
Extent xxii, 282p. :
Dimensions 24cm.
500 ## - GENERAL NOTE
General note Includes index.
504 ## - BIBLIOGRAPHY, ETC. NOTE
Bibliography, etc ’Author’s publications’: p.272-274.
942 ## - ADDED ENTRY ELEMENTS (KOHA)
Source of classification or shelving scheme Dewey Decimal Classification
Item type Book - Borrowing
Holdings
Withdrawn status Item status Source of classification or shelving scheme Damaged status Not for loan Vendor Home library Current library Shelving location Date acquired Source of acquisition Cost, normal purchase price Serial Enumeration / chronology Total Checkouts Full call number Barcode Date last seen Koha item type
    Dewey Decimal Classification     Alahram Central Library Central Library First floor 26/01/2009   196.00 06387   332.632 EDW 000015091 15/07/2025 Book - Borrowing